Penang passion : food & foodtales from Penang.
| Format: | Book |
|---|---|
| Published: |
Penang:
Hekty Publishing,
2007.
|
| Subjects: |
| LEADER | 00426cam a2200145 7i4500 | ||
|---|---|---|---|
| 001 | 0000022542 | ||
| 005 | 20090414090000.0 | ||
| 020 | 0 | 0 | |a 978-983-42360-0-7 |
| 090 | 0 | 0 | |a B 641.3 |b PEN |
| 245 | 0 | 0 | |a Penang passion : |b food & foodtales from Penang. |
| 260 | 0 | 0 | |a Penang: |b Hekty Publishing, |c 2007. |
| 300 | # | # | |a 232 p. |
| 650 | 0 | 0 | |a Food -- |z Penang, Malaysia |
| 651 | 0 | 0 | |a Malaysia |
| 999 | |a PNG000803H |b Book |c Book |e MATRADE Northern Regional Office | ||


